Por la infancia todo el Perú: plan nacional de acción por la infancia de corto plazo 1992 y mediano plazo 1992 1995
Guardat en:
| Format: | Llibre |
|---|---|
| Idioma: | espanyol |
| Publicat: |
Lima
Comisión Especial
1992
|
| Matèries: | |
| Etiquetes: |
Afegir etiqueta
Sense etiquetes, Sigues el primer a etiquetar aquest registre!
|
MARC
| LEADER | 00000nam a2200000 a 4500 | ||
|---|---|---|---|
| 001 | UCT1112 | ||
| 003 | CL-VaPUC | ||
| 008 | 960927e19920000PE |||||||||||||||||spa|d | ||
| 082 | 0 | 4 | |a 305.23 |b POR |2 21 |
| 245 | 1 | 0 | |a Por la infancia todo el Perú: plan nacional de acción por la infancia de corto plazo 1992 y mediano plazo 1992 1995 |
| 300 | |a 152 p | ||
| 942 | |c BK | ||
| 945 | |d 19960927 00:00:00 |a rleighto | ||
| 260 | |a Lima |b Comisión Especial |c 1992 | ||
| 650 | 7 | |a INFANCIA |2 CL-VaPUC |9 369896 | |
| 650 | 0 | |a Niños |9 255605 | |
| 650 | 0 | |a Salud |9 258663 | |
| 650 | 0 | |a Enfermedades |9 263059 | |
| 650 | 0 | |a Alimentación |9 334197 | |
| 650 | 0 | |a Nutrición |9 259434 | |
| 650 | 0 | |a Educación |9 258661 | |
| 650 | 0 | |a Problemas sociales |9 258537 | |
| 651 | 0 | |a Perú |9 256567 | |
| 583 | |a last modification |c 19960927 00:00:00 |k Rodrigo Vera | ||
| 999 | |c 251767 |d 251765 | ||
| 952 | |0 0 |1 0 |4 0 |6 305_230000000000000_POR_1992 |7 0 |8 A |9 271157 |a BIBEDU |b BIBEDU |d 2019-11-19 |i 3231593 |o 305.23 POR 1992 |p 3231593 |r 2019-11-19 |w 2019-11-19 |y BK |k EDU | ||